Score 0/154 Timer 08:00
0 Plays Today
Sonnet # 1st Line % Correct
82I grant thou wert not married to my muse...
94.1%
83I never saw that you did painting need...
94.1%
45The other two, slight air, and purging fire...
90.2%
99The forward violet thus did I chide...
90.2%
129Th'expense of spirit in a waste of shame
90.2%
154The little love-god lying once asleep...
90.2%
20A woman's face with nature's own hand painted...
89.5%
13O that you were yourself? But, love, you are...
84.5%
54O how much more doth beauty beauteous seem...
84.5%
39O how thy worth with manners may I sing...
84.5%
72O, lest the world should task you to recite...
84.5%
80O how I faint when I of you do write...
84.5%
101O, truant Muse, what shall be thy amends...
84.5%
109O never say that I was false of heart...
84.5%
111O, for my sake do you with Fortune chide...
84.5%
126O thou my lovely Boy, who in thy power...
84.5%
139O call me not to justify the wrong...
84.5%
148O me! What eyes hath love put in my head...
84.5%
150O from what power hast thou this powerful might...
84.5%
2When forty winters shall besiege thy brow...
77.1%
12When I do count the clock that tells the time...
77.1%
64When I have seen by time's fell hand defaced...
77.1%
15When I consider everything that grows...
77.1%
29When in disgrace with fortune and men's eyes...
77.1%
30When to the sessions of sweet silent thought...
77.1%
43When most I wink, then do mine eyes best see...
77.1%
88When thou shalt be disposed to set me light...
77.1%
106When in the chronicle of wasted time...
77.1%
138When my love swears that she is made of truth...
77.1%
22My glass shall not persuade me I am old...
71.2%
85My tongue-tied muse in manners holds her still...
71.2%
102My love is strengthened, though more weak in seeming...
71.2%
130My mistress' eyes are nothing like the sun...
71.2%
147My love is as a fever, longing still...
71.2%
28How can I then return in happy plight...
69.8%
38How can my Muse want subject to invent...
69.8%
48How careful was I, when I took my way...
69.8%
50How heavy do I journey on the way...
69.8%
95How sweet and lovely dost thou make the shame...
69.8%
97How like a winter hath my absence been...
69.8%
128How oft when thou, my music, music play'st
69.8%
18Shall I compare thee to a summer's day...
67.6%
100Where art thou, Muse, that thou forget'st so long...
67.4%
104To me, fair friend, you never can be old...
66.7%
142Love is my sin, and thy dear virtue hate...
66.6%
151Love is too young to know what conscience is...
66.6%
10For shame deny that thou bear'st love to any...
66.5%
127In the old age black was not counted fair...
64.9%
141In faith, I do not love thee with mine eyes...
64.9%
152In loving thee thou knowst I am forsworn...
64.9%
34Why didst thou promise such a beauteous day...
64.8%
76Why is my verse so barren of new pride...
64.8%
Sonnet # 1st Line % Correct
140Be wise as thou art cruel, do not press...
64.6%
35No more be grieved at that which thou hast done...
64.3%
71No longer mourn for me when I am dead...
64.3%
123No! Time, thou shalt not boast that I do change...
64.3%
131Thou art as tyrannous, so as thou art...
64.1%
137Thou blind fool love, what dost thou to mine eyes...
64.1%
7Lo, in the orient when the gracious light...
63.2%
143Lo, as a careful housewife runs to catch...
63.2%
53What is your substance, whereof are you made...
62.6%
119What potions have I drunk of siren tears...
62.6%
59If there be nothing new, but that which is...
61.1%
32If thou survive my well-contented day...
61.1%
44If the dull substance of my flesh were thought...
61.1%
124If my dear love were but the child of state...
61.1%
136If thy soul check thee that I come so near...
61.1%
17Who will believe my verse in time to come...
60.1%
84Who is it that says most? Which can say more...
60.1%
9Is it for fear to wet a widow's eye...
59.7%
61Is it they will thy image should keep open...
59.7%
21So is it not with me as with that Muse...
55.3%
52So am I as the rich, whose blessed key...
55.3%
75So are you to my thoughts as food to life...
55.3%
78So oft have I invoked thee for my Muse...
55.3%
93So shall I live, supposing thou art true...
55.3%
134So now I have confessed that he is thine...
55.3%
42That thou hast her it is not all my grief...
51.7%
58That god forbid, that made me first your slave...
51.7%
70That thou art blamed shall not be thy defect...
51.7%
73That time of year thou mayst in me behold...
51.7%
120That you were once unkind befriends me now...
51.7%
31Thy bossom is endeared with all hearts...
51.6%
77Thy glass will show thee how thy beauties wear...
51.6%
122Thy gift, thy tables, are within my brain...
51.6%
14Not from the stars do I my judgement pluck...
50.8%
55Not marble, nor the gilded monuments...
50.8%
107Not mine own fear, nor the prophetic soul...
50.8%
112Your love and pity doth th'impression fill...
48%
11As fast as thou shalt wane, so fast thou grow'st...
47.7%
23As an unperfect actor on the stage...
47.7%
37As a decrepit father takes delight...
47.7%
16But wherefore do not you a mightier way...
46.3%
74But be contented when that fell arrest...
46.3%
92But do thy worst to steal thyself away...
46.3%
1From fairest creatures we desire increase...
44.6%
98From you have I been absent in the spring...
44.6%
25Let those who are in favour with their stars...
39.8%
36Let me confess that we two must be twain...
39.8%
105Let not my love be called idolatry...
39.8%
116Let me not to the marriage of true minds...
39.8%
6Then let not winter's ragged hand deface...
39.7%
90Then hate me when thou wilt, if ever, now...
39.6%
24Mine eye hath played the painter, and hath steeled...
39.6%
Sonnet # 1st Line % Correct
46Mine eye and heart are at a mortal war...
39.6%
94They that have power to hurt, and will do none...
39.3%
125Were't ought to me I bore the canopy...
33.7%
81Or I shall live, your epitaph to make...
31.9%
114Or whether doth my mind, being crowned with you...
31.9%
132Thine eyes I love, and they, as pitying me...
30.8%
86Was it the proud full sail of his great verse...
30.3%
60Like as the waves make towards the pebbled shore...
27.2%
118Like as, to make our appetites more keen...
27.2%
67Ah, wherefore with infection should he live...
26.8%
89Say that thou didst forsake me for some fault...
26.7%
144Two loves I have, of comfort and despair...
26.6%
5Those hours that with gentle work did frame...
26.2%
41Those pretty wrongs that liberty commits...
26.2%
69Those parts of thee that the world's eye doth view...
26.2%
115Those lines that I before have writ do lie...
26.2%
145Those lips that love's own hand did make...
26.2%
91Some glory in their birth, some in their skill...
25.4%
96Some say thy fault is youth, some wantonness...
25.4%
62Sin of self-love possesseth all mine eye...
20.9%
121'Tis better to be vile than vile esteemed...
20.5%
3Look in thy glass, and tell the face thou viewest...
19.6%
40Take all my loves, my love; yea, take them all...
17.7%
51Thus can my love excuse the slow offence...
17.7%
68Thus is his cheek the map of days outworn...
17.7%
65Since brass, nor stone, nor earth, nor boundless sea...
15.7%
113Since I left you, mine eye is in my mind...
15.7%
110Alas, 'tis true, I have gone here and there...
14.8%
57Being your slave, what should I do but tend...
14.2%
56Sweet love, renew thy force; be it not said...
13.6%
8Music to hear, why hear'st thou music sadly...
12.6%
149Canst thou, O cruel, say I love thee not...
12.2%
26Lord of my love, to whom in vassalage...
11.7%
79Whilst I alone did cal upon thy aid...
10.6%
49Against that time, if ever that time come...
9.7%
63Against my love shall be as I am now...
9.7%
103Alack, what poverty my Muse brings forth...
8.9%
33Full many a glorious morning have I seen...
8.5%
47Betwixt mine eye and heart a league is took...
8.4%
4Unthrifty loveliness, why dost thou spend...
8.1%
146Poor soul, the centre of my sinful earth...
8%
153Cupid lay by hid brand, and fell asleep...
7.9%
19Devouring time, blunt thou the lion's paws...
7.7%
135Whoever hath her wish, thou hast thy will...
7.5%
108What's in the brain that ink may character...
7.3%
27Weary with toil, I haste me to my bed...
7.2%
87Farewell, thou art too dear for my possessing...
6.7%
66Tired with all these for restful death I cry...
6.6%
133Beshrew that heart that makes my heart to groan...
6.3%
117Accuse me thus: that I have scanted all...
5.8%

You're not logged in!

Compare scores with friends on all Sporcle quizzes.
OR
Log In

Sporcle TV

Today on Sporcle TV


Watch our educational content, quiz creation guides, and fun videos on Sporcle TV.

Show Comments

Extras

Top Quizzes Today


Score Distribution

Your Account Isn't Verified!

In order to create a playlist on Sporcle, you need to verify the email address you used during registration. Go to your Sporcle Settings to finish the process.

Report this User

Report this user for behavior that violates our Community Guidelines.

Details: